01132cam a22003254i 4500003000900000005001700009008004100026035001900067040003300086082001700119100002800136245007200164264003300236336002100269337002500290338002300315505036600338526000900704526000900713526000900722526000900731526000900740526000900749526000800758526000800766526000800774526000800782526000800790526000800798PE-LiUPU20250731184545.0150625s r 000 0 d a(Sirsi) a31084 aPE-LiUPUbspacPE-LiUPUerda04a909bP472211 aPfandl, Ludwig,eautor.10aCultura y costumbres del pueblo español de los siglos XVI y XVII. 1aBarcelona :bAraluce,c1929. atext2rdacontent aunmediated2rdamedia avolume2rdacarrier0 aFelipe II. - Los tres últimos reyes de la casa de Austria. - Sistema de Gobierno. - La inquisición. - La sociedad. - Orgullo nacional y sentoimiento de Honor. - Religiosidad, Supertición y Moral. - Educación, enseñanza; costumbres literarias. - El escritor y el libro. - La vida diaria. - Idealismo y realismo. - Textos para la historia de la cultura. aP136 aP135 aP134 aP133 aP144 aP143 aP87 aP35 aP20 aP14 aP10 aP06